| 000 | 01605nam a22002537a 4500 | ||
|---|---|---|---|
| 005 | 20120214164959.0 | ||
| 010 | _aB-479250 | ||
| 020 |
_a8181460340 _c90.00 |
||
| 035 | _aB-479250 | ||
| 037 | _bब्लूबेरी बुक्स | ||
| 082 | _aक | ||
| 100 |
_aचड्ढा, राधिका _951477 |
||
| 245 |
_aमुझे सोना है / _cराधिका चड्ढा;प्रिया कुरियन द्वारा चित्रांकित;दीया नायर द्वारा अनुदित |
||
| 260 |
_aचैन्नई _bतूलिका पब्लिशिंग _c2007 |
||
| 270 |
_a13 पृथ्वी ऐवन्यू, अभिरमपुरम _bचैन्नई _e600018 |
||
| 300 |
_aअ.पृ. _bसचित्र _c22सेमी (अजिल्द) |
||
| 700 |
_aकुरियन, प्रिया _941870 |
||
| 700 |
_941871 _aनायर, दीया |
||
| 700 | _941872 | ||
| 942 |
_2ddc _cCH _hक _mचड्ढारा |
||
| 999 |
_c62770 _d62770 |
||